| 000 -LEADER |
| fixed length control field |
02975cam a2200373 a 4500 |
| 001 - CONTROL NUMBER |
| control field |
16602889 |
| 003 - CONTROL NUMBER IDENTIFIER |
| control field |
OSt |
| 005 - DATE AND TIME OF LATEST TRANSACTION |
| control field |
20230815081727.0 |
| 008 - FIXED-LENGTH DATA ELEMENTS--GENERAL INFORMATION |
| fixed length control field |
110107s2010 enkab b 001 0 eng |
| 010 ## - LIBRARY OF CONGRESS CONTROL NUMBER |
| LC control number |
2011000351 |
| 015 ## - NATIONAL BIBLIOGRAPHY NUMBER |
| National bibliography number |
GBB075012 |
| Source |
bnb |
| 016 7# - NATIONAL BIBLIOGRAPHIC AGENCY CONTROL NUMBER |
| Record control number |
015583162 |
| Source |
Uk |
| 020 ## - INTERNATIONAL STANDARD BOOK NUMBER |
| International Standard Book Number |
9780230212145 (pbk. : alk. paper) |
| 020 ## - INTERNATIONAL STANDARD BOOK NUMBER |
| International Standard Book Number |
023021214X (pbk. : alk. paper) |
| 035 ## - SYSTEM CONTROL NUMBER |
| System control number |
(OCoLC)ocn695860312 |
| 040 ## - CATALOGING SOURCE |
| Original cataloging agency |
DLC |
| Transcribing agency |
DLC |
| Modifying agency |
YDX |
| -- |
YDXCP |
| -- |
CDX |
| -- |
UKM |
| -- |
BTCTA |
| -- |
SINLB |
| -- |
PUL |
| -- |
SNK |
| -- |
VP@ |
| -- |
KH8 |
| -- |
DLC |
| 042 ## - AUTHENTICATION CODE |
| Authentication code |
pcc |
| 043 ## - GEOGRAPHIC AREA CODE |
| Geographic area code |
as----- |
| 082 00 - DEWEY DECIMAL CLASSIFICATION NUMBER |
| Classification number |
959 RIC |
| 100 ## - MAIN ENTRY--PERSONAL NAME |
| Personal name |
Ricklefs, M.C., |
| Relator term |
author. |
| 245 02 - TITLE STATEMENT |
| Title |
A new history of Southeast Asia / |
| Statement of responsibility, etc. |
M.C. Ricklefs ... [et al.] ; edited by M.C. Ricklefs. |
| 260 ## - PUBLICATION, DISTRIBUTION, ETC. |
| Place of publication, distribution, etc. |
Houndmills, Basingstoke, Hampshire ; |
| -- |
New York : |
| Name of publisher, distributor, etc. |
Palgrave Macmillan, |
| Date of publication, distribution, etc. |
2010. |
| 300 ## - PHYSICAL DESCRIPTION |
| Extent |
xxxi, 536 p. : |
| Other physical details |
ill., maps ; |
| Dimensions |
24 cm. |
| 504 ## - BIBLIOGRAPHY, ETC. NOTE |
| Bibliography, etc. note |
Includes bibliographical references and index. |
| 505 0# - FORMATTED CONTENTS NOTE |
| Formatted contents note |
Ethnic groups, early cultures and social structures -- Early state formation -- 'Classical' states at their height -- New global religions and ideas from the thirteenth century -- The rise of new states from the fourteenth century -- Non-indigenous actors old and new -- Early modern Southeast Asian states -- Colonial communities, c.1800-1900 -- Reform, new ideas and the 1930s crisis (c.1900-42) -- World War II in Southeast Asia (1942-1945) -- Regaining independence in the decades after 1945 -- Building nations, to c.1990 -- Boom and bust in Southeast Asia c.1990-2008 -- Southeast Asia today. |
| 520 ## - SUMMARY, ETC. |
| Summary, etc. |
A new, comprehensive, one volume history of Southeast Asia that spans prehistory to the present. Ricklefs brings together colleagues at the National University of Singapore whose expertise covers the entire region, encompassing political, social, economic, religious, and cultural history. -- Back Cover. |
| 520 ## - SUMMARY, ETC. |
| Summary, etc. |
Opening with an account of the ethnic groups and initial cultural and social structures of Southeast Asia, the book moves through the early 'classical' states, the arrival of new global religions, and the impact of non-indigenous actors. The history of early modern states and their colonial successors is followed by analysis of World War II across the region. Offering a definitive account of decolonization and early post-colonial nation-building, the text then transports us to modern-day Southeast Asia, exploring its place in a world recovering from the financial crisis. -- Back Cover. |
| 520 ## - SUMMARY, ETC. |
| Summary, etc. |
The distinguished author team provide an authoritative and accessible narrative, drawing upon the latest research and offering detailed guidance on further reading. A landmark contribution to the field, this is an essential text for scholars, students, and anyone interested in Southeast Asia. --Back Cover. |
| 651 #0 - SUBJECT ADDED ENTRY--GEOGRAPHIC NAME |
| Geographic name |
Southeast Asia |
| General subdivision |
History. |
| 700 1# - ADDED ENTRY--PERSONAL NAME |
| Personal name |
Lockhart, Bruce, |
| Relator term |
author. |
| 700 1# - ADDED ENTRY--PERSONAL NAME |
| Personal name |
Lau, Albert, |
| Relator term |
author. |
| 906 ## - LOCAL DATA ELEMENT F, LDF (RLIN) |
| a |
7 |
| b |
cbc |
| c |
orignew |
| d |
1 |
| e |
ecip |
| f |
20 |
| g |
y-gencatlg |
| 942 ## - ADDED ENTRY ELEMENTS (KOHA) |
| Source of classification or shelving scheme |
|
| Koha item type |
Teaching Resources |